Trabajo Social y Derechos Humanos

שמור ב:
מידע ביבליוגרפי
מחבר תאגידי: CODEHUCA
פורמט: Texto
יצא לאור: San José: CODEHUCA
תגים: הוספת תג
אין תגיות, היה/י הראשונ/ה לתייג את הרשומה!

MARC

LEADER 00000 a a2200000 04500
001 25399
003
040
090 |a 181707  
110 |a CODEHUCA  
245 |a Trabajo Social y Derechos Humanos  
260 |a San José:   |b CODEHUCA  
300 |a 92 p  
999 |c 1356  |d 1356